000 00476nam a2200169Ia 4500
003 OSt
005 20260306144159.0
008 211028s2009 xx 000 0 und d
040 _cAIMIT LIBRARY
041 _aeng
100 _aShishila, Prithwi Sagar; Uchil, Pavithra.
_g60471440
_93027
110 _aManibhushan D' Souza.
_93028
245 _aSales management /
260 _aMangalore
_c2009
710 _aAdstock Business Networks Intl.Pvt Ltd
_93029
942 _2ddc
_cPRO
999 _c217094
_d217094